| 000 | 00485nam a22001697a 4500 | ||
|---|---|---|---|
| 003 | NUST - PNEC | ||
| 005 | 20170116180802.0 | ||
| 008 | 150416b xxu||||| |||| 00| 0 eng d | ||
| 040 | _cLIBRARY | ||
| 082 | _a297.5 ABD | ||
| 100 |
_92640 _aAbdul Malik Mujahid |
||
| 245 |
_aWaldain : Ataat w nafarmani, waqiyat ki zubani _cAbdul Malik Mujahid |
||
| 260 |
_aKarachi: _bDaraul Islam, |
||
| 300 |
_a400 p. : _c22 cm. |
||
| 650 |
_92641 _aIslam, Haqooq ul Ibad _xGeneral |
||
| 942 |
_2ddc _cBK |
||
| 999 |
_c63012 _d63012 |
||